Statistics for 各国の共産党旗

Click here to take the quiz!

General Stats

  • This quiz has been taken 22 times
  • The average score is 6 of 24

Answer Stats

Answer% Correct
ロシア
65%
北朝鮮
59%
チェコスロバキア
59%
中国
59%
日本
53%
ポルトガル
47%
イギリス
35%
東ドイツ
35%
ソマリア
24%
ベトナム
18%
インド
12%
イエメン
12%
ブルガリア
12%
ルーマニア
12%
アフガニスタン
12%
ベナン
6%
チリ
6%
ラオス
6%
カンボジア
6%
ハンガリー
6%
ユーゴスラビア
6%
ドイツ
6%
アルバニア
0%
キューバ
0%

Score Distribution

Percentile by Number Answered

Percent of People with Each Score

Your Score History

You have not taken this quiz